000 00790nam a2200253 a 4500
001 52548
003 BD-RjUL
005 20211209075827.0
008 160921s1965 enka b 001 0 eng
035 _a(BD-RjUL)52668
040 _aDLC/ICU
_cICU
_dDLC
_dBD-RjUL
_beng
041 _aeng
082 0 0 _a530.11
_223
_bYII 1965
100 1 _aYılmaz, Hüseyin
_9157124
245 1 0 _aIntroduction to the theory of relativity and the principles of modern physics /
_cHüseyin Yılmaz
250 _a1st ed.
260 _aNew York :
_bBlaisdell Pub. Co.
_cc1965
300 _axiv, 216 p. :
_bill. ;
_c26 cm.
500 _aInclude index
650 0 _aRelativity (Physics)
_9157125
942 _2ddc
_cBK
999 _c52548
_d52548